Stabilisation of particle integrity and particle bound cis-prenyl transferase activity in stored, purified rubber particles (Record no. 69197)

MARC details
000 -LEADER
fixed length control field 00515nam a2200169Ia 4500
100 ## - MAIN ENTRY--AUTHOR NAME
Personal name Cornish K
245 #0 - TITLE STATEMENT
Title Stabilisation of particle integrity and particle bound cis-prenyl transferase activity in stored, purified rubber particles
260 ## - PUBLICATION, DISTRIBUTION, ETC. (IMPRINT)
Name of publisher Phytochemical Analysis
Year of publication 1977
300 ## - PHYSICAL DESCRIPTION
Number of Pages 130-134
500 ## - GENERAL NOTE
General note Source Year: 1998
650 ## - SUBJECT ADDED ENTRY--TOPICAL TERM
Topical Term Parthenium argentatum
650 ## - SUBJECT ADDED ENTRY--TOPICAL TERM
Topical Term Rubber particle
700 ## - ADDED ENTRY--PERSONAL NAME
Personal name Bartlett D L
856 ## - ELECTRONIC LOCATION AND ACCESS
Uniform Resource Identifier CPA
942 ## - ADDED ENTRY ELEMENTS (KOHA)
Koha item type Journals
Holdings
Withdrawn status Lost status Damaged status Not for loan Home library Current library Shelving location Date acquired Serial Enumeration / chronology Koha item type
      Journals RRII Library RRII Library Physiology 01/01/2021 Volume 8, Issue 3 Journals